Suki Béla 1930-1982
Elmentve itt :
| Szerző: | |
|---|---|
| Adatforrás: | Philobibl |
| Forrásdokumentuma: | Filozófiai Figyelő 4 1982/1-2., 159-161. p. |
| Dokumentumtípus: | Cikk |
| Nyelv: | magyar |
| LEADER | 00282nab a2200097 c 4500 | ||
|---|---|---|---|
| 001 | bibDOK00002195 | ||
| 005 | 20200924115846.9 | ||
| 008 | 060518s1982 hu hun | ||
| 100 | 1 | |a Csejtei Dezső | |
| 245 | 1 | 0 | |a Suki Béla 1930-1982 |c Csejtei Dezső |
| 773 | 0 | |t Filozófiai Figyelő 4 |g 1982/1-2., 159-161. p. | |